00629nam a22002057a 4500001001300000003000900013005001700022008004100039020001500080040001300095082002100108100002600129245008100155260005100236300003500287504005000322650001500372650001600387650002000403BD-DhSAU 539BD-DhSAU20150104201212.0150104b1999 ii a|||| |||| 001 0 eng d a8173712352 cBD-DhSAU 222a631.583bCHG aChristianson, Gale E. aGreen house :bthe 200 year story of global warming /cGale E Christianson.  aHyderabad, India :bUniversities press ;c1999 axiii, 305 p. :bill. ;c23 cm. aInclude bibliographical references and index. aAgronomy.  aGreen House aGlobal warming.